Les assignats sous la Révolution francaise: un example d'hyperinflation.

Rozbor závislosti vzniku francúzskej revolúcie na zlých finančných pomeroch v starom režime. Ekonomická analýza menovej hyperinflácie. Charakteristické ukazovatele hyperinflácie a jej sprievodné javy získané historickou skúsenosťou. Vzťah medzi ponukou a dopytom meny.

Enregistré dans:
Détails bibliographiques
Auteur principal: Aubin, C.
Format: Chapitre de livre
Langue:français
Sujets:
Tags: Ajouter un tag
Pas de tags, Soyez le premier à ajouter un tag!

MARC

LEADER 00000naa a2200000 4500
001 r006491
005 20221125091719.0
041 0 |a fre 
044 |a FR 
245 1 0 |a Les assignats sous la Révolution francaise: un example d'hyperinflation.  |c C. Aubin 
520 |a Rozbor závislosti vzniku francúzskej revolúcie na zlých finančných pomeroch v starom režime. Ekonomická analýza menovej hyperinflácie. Charakteristické ukazovatele hyperinflácie a jej sprievodné javy získané historickou skúsenosťou. Vzťah medzi ponukou a dopytom meny. 
610 2 0 |a inflácia 
610 2 0 |a Francúzsko 
610 2 0 |a revolúcia 
610 2 0 |a analýza ekonomická 
610 2 0 |a mena 
610 2 0 |a dejiny hospodárske 
610 2 0 |a ponuka 
610 2 0 |a dopyt 
610 2 0 |a ukazovatele finančné 
100 1 |a Aubin, C.